プロ野球スピリッツA【プロスピA】の球種名 - Statistics

General Stats
  • This quiz has been taken 800 times
    159 since last reset
  • The average score is 49 of 81
Answer Stats
所持選手 球種名 % Correct
多数 ストレート
97%
藤川球児 火の玉ストレート
97%
松本凌人 ツーシーム
96%
多数 スライダー
92%
多数 フォーク
90%
多数 カーブ
88%
多数 スローカーブ
86%
呉昇桓 石直球
85%
平良海馬 F.グリフィン 等 真っスラ
85%
菅野智之 大津亮介 等 ワンシーム
85%
伊藤大海 多田野数人 イーファスピッチ
84%
多数 カットボール
84%
G.バッキー 山﨑康晃 等 ナックル
84%
大谷翔平 A.ケイ 等 スイーパー
83%
多数 スラーブ
82%
高津臣吾 石川歩 等 シンカー
82%
多数 高速スライダー
81%
森下暢仁 阪口皓亮 等 スプリット
79%
多数 シュート
79%
多数 チェンジアップ
78%
多数 ナックルカーブ
77%
T.バウアー 石川柊太 等 パワーカーブ
77%
多数 縦スライダー
76%
津森宥紀 佐藤隼輔 等 ナチュラルシュート
75%
山田久志 益田直也 等 高速シンカー
75%
多数 ツーシームファスト
74%
多数 サークルチェンジ
72%
多数 高速シュート
70%
多数 SFF
70%
前田健太 マエケンスライダー
69%
沢村栄治 ドロップ
69%
浅尾拓也 渡辺翔太 等 パーム
69%
小澤怜史 比嘉幹貴 等 スロースライダー
67%
石川雅規 カツオカーブ
66%
藤井皓哉 フォースラ
66%
大瀬良大地 山岡泰輔 等 縦カット
65%
小宮山悟 シェイク
65%
多数 シンキングファスト
65%
佐々木朗希 才木浩人 等 ジャイロフォーク
64%
岩崎優 宮城大弥 等 超スローカーブ
63%
河野竜生 河野ボール
63%
赤堀元之 Y.ロドリゲス 等 ムービングファスト
61%
大竹耕太郎 スローボール
61%
大谷翔平 ダルビッシュ有 高速カーブ
59%
多数 Dカーブ
59%
涌井秀章 こやシン
57%
山本昌広 内海哲也 等 スクリュー
56%
床田寛樹 平良海馬 等 シンキングスプリット
56%
今井達也 平良海馬 ジャイロスライダー
55%
秋山登 カミソリシュート
55%
潮崎哲也 建山義紀 等 スローシンカー
54%
金子千尋 上原健太 等 チェンジオブペース
52%
津留﨑大成 マッスルカーブ
52%
新垣渚 バニッシュボール
52%
千賀滉大 渡辺翔太 スプリーム
52%
東浜巨 平良拳太郎 等 超高速シンカー
48%
岩崎優 東克樹 等 スローサークルチェンジ
48%
宮西尚生 かとフォ
47%
菊池雄星 オージーカーブ
46%
嘉弥真新也 嘉弥真ボール
46%
鈴木翔天 横川凱 等 高速スクリュー
46%
A.ブセニッツ 由規 高速チェンジアップ
45%
建山義紀 土肥星也 スローチェンジアップ
45%
K.レグナルト ハンマーカーブ
43%
今永昇太 伊藤大海 等 スプリットチェンジ
43%
椋木蓮 ライズカット
40%
田口麗斗 大野豊 等 スロースクリュー
39%
大竹寛 大隣憲司 バルカンチェンジ
39%
J.T.シャギワ D.バーヘイゲン スラッター
38%
大谷翔平 ジャイロスプリット
36%
帆足和幸 佐藤峻一 等 スライドパーム
36%
五十嵐亮太 ナックルスライダー
34%
近藤大亮 ラビットボール
34%
一岡竜司 パワーフォーク
33%
佐藤義則 ヨシボール
32%
K.ジョンソン 超高速スクリュー
31%
伊藤茉央 HHシンカー
30%
K.ジョンソン N.マルティネス スパイクカーブ
23%
小川一平 パワーチェンジ
16%
今井雄太郎 シューシン
16%
山岡泰輔 ハードシンカー
14%
No matching quizzes found
Score Distribution
Percent of People with Each Score
Percentile by Number Answered
Your Score History
You have not taken this quiz since the last reset